India, a modern history / (Record no. 22454)

MARC details
000 -LEADER
fixed length control field 00888cam a2200265 4500
001 - CONTROL NUMBER
control field 277930
003 - CONTROL NUMBER IDENTIFIER
control field BDDh-ASL
005 - DATE AND TIME OF LATEST TRANSACTION
control field 20231015030132.0
008 - FIXED-LENGTH DATA ELEMENTS--GENERAL INFORMATION
fixed length control field 700821s1961 miub b 001 0 eng
010 ## - LIBRARY OF CONGRESS CONTROL NUMBER
LC control number 61010988
040 ## - CATALOGING SOURCE
Original cataloging agency DLC
Transcribing agency DLC
Modifying agency DLC
-- BDDh-ASL
043 ## - GEOGRAPHIC AREA CODE
Geographic area code a-ii---
050 00 - LIBRARY OF CONGRESS CALL NUMBER
Classification number DS436
Item number .S68
082 00 - DEWEY DECIMAL CLASSIFICATION NUMBER
Classification number 954
Item number SPI
100 1# - MAIN ENTRY--PERSONAL NAME
Personal name Spear, Percival,
Dates associated with a name 1901-1982.
245 00 - TITLE STATEMENT
Title India, a modern history /
260 ## - PUBLICATION, DISTRIBUTION, ETC.
Place of publication, distribution, etc. Ann Arbor :
Name of publisher, distributor, etc. University of Michigan Press,
Date of publication, distribution, etc. [1961]
300 ## - PHYSICAL DESCRIPTION
Extent x, 491, xix p. :
Other physical details maps.
Dimensions 25 cm.
490 1# - SERIES STATEMENT
Series statement The University of Michigan history of the modern world
504 ## - BIBLIOGRAPHY, ETC. NOTE
Bibliography, etc. note Bibliographical references included in "Notes" (p. [457]-467) Bibliography: p. [469]-488.
651 #0 - SUBJECT ADDED ENTRY--GEOGRAPHIC NAME
Geographic name India
General subdivision History.
830 #0 - SERIES ADDED ENTRY--UNIFORM TITLE
Uniform title University of Michigan history of the modern world.
906 ## - LOCAL DATA ELEMENT F, LDF (RLIN)
a 7
b cbc
c orignew
d u
e ncip
f 19
g y-gencatlg
942 ## - ADDED ENTRY ELEMENTS (KOHA)
Source of classification or shelving scheme Dewey Decimal Classification
Koha item type Books
Holdings
Withdrawn status Lost status Source of classification or shelving scheme Damaged status Not for loan Collection code Home library Current library Shelving location Date acquired Source of acquisition Total Checkouts Full call number Barcode Date last seen Copy number Price effective from Koha item type Public note
    Dewey Decimal Classification     Non-fiction Asiatic Society Library Asiatic Society Library General Stacks 02/27/2021 ASB Library Collections   954 SPI 106709 02/27/2021 C-1 02/27/2021 Books RARE
    Dewey Decimal Classification     Non-fiction Asiatic Society Library Asiatic Society Library General Stacks 02/27/2021 ASB Library Collections   954 SPI 106710 02/27/2021 C-2 02/27/2021 Books RARE

Powered by Koha